000 03180cam a2200517 a 4500
001 8497528
003 OSt
005 20150408113918.0
008 101230s2011 enk b 001 0 eng
010 _a 2010053348
015 _aGBB0A1004
_2bnb
016 7 _a015634330
_2Uk
020 _a9780230551718 (pbk.)
020 _a0230551718 (pbk.)
020 _a9780230551701 (hbk.)
020 _a023055170X (hbk.)
035 _a(OCoLC)ocn659232158
035 _a(OCoLC)659232158
035 _a(OCoLC)659232158
_z(OCoLC)639162559
035 _a(NNC)8497528
040 _aDLC
_cDLC
_dYDX
_dUKM
_dYDXCP
_dBWX
_dBTCTA
_dNLE
042 _apcc
050 0 0 _aPR829
_b.L54 2011
082 0 0 _a823.0109
_222
_bL E B
084 _aLIT018000
_aLIT004120
_aLIT000000
_2bisacsh
100 1 _aLiggins, Emma.
_94118
245 1 4 _aThe British short story /
_cEmma Liggins, Andrew Maunder, Ruth Robbins.
260 _aHoundmills Basingstoke, Hampshire ;
_aNew York :
_bPalgrave Macmillan,
_c2011.
300 _avi, 311 p. ;
_c22 cm.
490 1 _aOutlining literature
504 _aIncludes bibliographical references and index.
505 8 _aMachine generated contents note: -- Introduction: What is a Short Story? -- PART I -- Introducing the Victorian and Edwardian Short Story -- Victorian Sensations: Supernatural and Weird Tales -- New Woman Short Stories -- Imperial Adventures and Colonial Tales -- PART II -- Introduction to the Twentieth-Century Short Story -- The_Short Story and the Great War -- Experiment and Continuity: The Modernist Short Story -- The Short Story and Genre Fiction: The Strange Case of the Same Old, Same Old Story -- PART III -- 1945_and After: An Introduction to the Post-war Short Story -- Women's Stories, 1940s to the Present -- Multiculturalism and Relationships: The British Short Story Today -- Bibliography.
520 _a"The short story remains a crucial if neglected - part of British literary heritage. This accessible and up-to-date critical overview maps out the main strands and figures that shaped the British short story and novella from the 1850s to the present. It offers new readings of both classic and forgotten texts in a clear, jargon-free way"--Provided by publisher.
520 _a"The short story remains a crucial if neglected - part of British literary heritage. This accessible and up-to-date critical overview maps out the main strands and figures that shaped the British short story and novella from the 1850s to the present. It offers new readings of both classic and forgotten texts in a clear, jargon-free way"--
650 0 _aShort stories, English
_xHistory and criticism.
_94119
650 7 _aLITERARY CRITICISM / Short Stories
_2bisacsh
_94120
650 7 _aLITERARY CRITICISM / European / English, Irish, Scottish, Welsh
_2bisacsh
_94121
650 7 _aLITERARY CRITICISM / General
_2bisacsh
_94122
700 1 _aMaunder, Andrew.
_94123
700 1 _aRobbins, Ruth,
_d1965-
_94124
830 0 _aOutlining literature.
_94125
856 4 2 _3Cover image
_uhttp://www.netread.com/jcusers/1388/2293383/image/lgcover.9780230551718.jpg
942 _2ddc
_cDVD
948 1 _a20110225
_bc
_cybp21
_dMPS
999 _c14288
_d248788